Study guide essentials of anatomy & physiology
Designed to help students master the topics and concepts covered in the textbook, the study guide includes a variety of review questions, including labeling, concept mapping, and crossword puzzles, that promote an understanding of body systems. It is keyed to each chapter's learning objectives...
Spremljeno u:
| Glavni autor: | |
|---|---|
| Format: | Knjiga |
| Jezik: | Undetermined |
| Izdano: |
New Yersey
Prentice Hall
1997
|
| Teme: | |
| Oznake: |
Dodaj oznaku
Bez oznaka, Budi prvi tko označuje ovaj zapis!
|
| Thư viện lưu trữ: | Trung tâm Học liệu Trường Đại học Cần Thơ |
|---|
| LEADER | 00939nam a2200193Ia 4500 | ||
|---|---|---|---|
| 001 | CTU_221214 | ||
| 008 | 210402s9999 xx 000 0 und d | ||
| 082 | |a 612 | ||
| 082 | |b S658 | ||
| 100 | |a Smith, Robert R. | ||
| 245 | 0 | |a Study guide essentials of anatomy & physiology | |
| 245 | 0 | |c Robert R. Smith | |
| 260 | |a New Yersey | ||
| 260 | |b Prentice Hall | ||
| 260 | |c 1997 | ||
| 520 | |a Designed to help students master the topics and concepts covered in the textbook, the study guide includes a variety of review questions, including labeling, concept mapping, and crossword puzzles, that promote an understanding of body systems. It is keyed to each chapter's learning objectives and parallels the three-level learning system in the textbook | ||
| 650 | |a Human physiology,Human anatomy,Sinh lý học người,Giải phẫu học người | ||
| 904 | |i Nguyên | ||
| 980 | |a Trung tâm Học liệu Trường Đại học Cần Thơ | ||